Who wasTheodore Roosevelt?
He was only 42 years old when he was sworn in as President of the United States in 1901, making him the youngest president ever. But did you know that he was also the first sitting president to win the Nobel Peace Prize? The first to ride in a car? The first to fly in an airplane? Theodore Roosevelt...
Đã lưu trong:
| 主要作者: | |
|---|---|
| 格式: | 圖書 |
| 語言: | Undetermined |
| 出版: |
New York
Grosset & Dunlap
2014
|
| 主題: | |
| 標簽: |
添加標簽
沒有標簽, 成為第一個標記此記錄!
|
| Thư viện lưu trữ: | Trung tâm Học liệu Trường Đại học Cần Thơ |
|---|
| LEADER | 01228nam a2200229Ia 4500 | ||
|---|---|---|---|
| 001 | CTU_207866 | ||
| 008 | 210402s9999 xx 000 0 und d | ||
| 020 | |c 1.30 | ||
| 082 | |a 973.911092 | ||
| 082 | |b B954 | ||
| 100 | |a Burgan, Michael | ||
| 245 | 0 | |a Who wasTheodore Roosevelt? | |
| 245 | 0 | |c Michael Burgan ; illustrated by Jerry Hoare | |
| 260 | |a New York | ||
| 260 | |b Grosset & Dunlap | ||
| 260 | |c 2014 | ||
| 520 | |a He was only 42 years old when he was sworn in as President of the United States in 1901, making him the youngest president ever. But did you know that he was also the first sitting president to win the Nobel Peace Prize? The first to ride in a car? The first to fly in an airplane? Theodore Roosevelt's achievements as a naturalist, hunter, explorer, author, and soldier are as much a part of his fame as any office he held as a politician. Find out more about The Bull Moose, the Progressive, the Rough Rider, the Trust Buster, and the Great Hunter who was our larger-than-life 26th president. | ||
| 650 | |a Presidents,Tổng thống | ||
| 650 | |x Biography,Tiểu sử | ||
| 650 | |z United States,Hoa Kỳ | ||
| 904 | |i Hải | ||
| 980 | |a Trung tâm Học liệu Trường Đại học Cần Thơ | ||